书目信息 |
| 题名: |
元数据导论
|
|
| 作者: | 刘嘉 著 | |
| 分册: | ||
| 出版信息: | 北京 华艺出版社 2002 |
|
| 页数: | 395页 | |
| 开本: | 21cm | |
| 丛书名: | 二十一世纪图书馆学丛书 | |
| 单 册: | ||
| 中图分类: | G201 | |
| 科图分类: | ||
| 主题词: | 元数据--研究 | |
| 电子资源: | ||
| ISBN: | 7-80142-370-4 | |
| 000 | 01203nam0 2200361 450 | |
| 000 | 01166nam0 2200349 450 | |
| 000 | 01166nam0 2200373 450 | |
| 000 | 01112nam0 2200349 450 | |
| 000 | 01045nam0 2200325 450 | |
| 000 | 01008nam0 2200313 450 | |
| 000 | 00970oam2 2200301 45 | |
| 001 | 012002022943 | |
| 005 | 20051101112709.84 | |
| 010 | @a7-80142-370-4@dCNY32.00 | |
| 035 | @a(011001)c2002015405 | |
| 092 | @aCN | |
| 100 | @a20020312d2002 em y0chiy0110 ea | |
| 101 | 0 | @achi |
| 102 | @aCN@b110000 | |
| 105 | @ay z 000yy | |
| 200 | 1 | @a元数据导论@9yuan shu ju dao lun@f刘嘉著@Fliu jia zhu |
| 210 | @a北京@c华艺出版社@d2002 | |
| 215 | @a395页@d21cm | |
| 225 | 2 | @a二十一世纪图书馆学丛书@f丘东江主编 |
| 314 | @a刘嘉,博士,北京大学信息管理系教师。著有《元数据导论》。 | |
| 330 | @a本书内容包括:网络信息资源的组织、元数据概述、资源描述框架、元数据的编码标准、元数据与描述、元数据在中国大陆与台湾的应用等。 | |
| 410 | 0 | @12001 @a二十一世纪图书馆学丛书@1701 0@a丘东江@Aqiu dong jiang@4主编 |
| 606 | 0 | @a元数据@x研究 |
| 690 | @aG201@v4 | |
| 701 | 0 | @a刘嘉@Aliu jia@4著 |
| 801 | 0 | @aCN@bTSSF@c20051101 |
| 905 | @a10447@dG201@e160 | |
| 元数据导论/刘嘉著.-北京:华艺出版社,2002 |
| 395页;21cm.-(二十一世纪图书馆学丛书/丘东江主编) |
| ISBN 7-80142-370-4:CNY32.00 |
| 本书内容包括:网络信息资源的组织、元数据概述、资源描述框架、元数据的编码标准、元数据与描述、元数据在中国大陆与台湾的应用等。 |
| ● |
| 相关链接 |
|
|
|
|
正题名:元数据导论
索取号:G201/160
 
预约/预借
| 序号 | 登录号 | 条形码 | 馆藏地/架位号 | 状态 | 备注 |
| 1 | 0337600 | 203376006 | 第一样本阅览室/ [索取号:G201/160] | 在馆 |